BRITISH PHARMACOPOEIA (Record no. 7473)

MARC details
000 -LEADER
fixed length control field 00487nam a22001817a 4500
005 - DATE AND TIME OF LATEST TRANSACTION
control field 20210825110659.0
008 - FIXED-LENGTH DATA ELEMENTS--GENERAL INFORMATION
fixed length control field 210224b ||||| |||| 00| 0 eng d
020 ## - INTERNATIONAL STANDARD BOOK NUMBER
ISBN 9780113230839
041 ## - LANGUAGE CODE
Language code of text/sound track or separate title eng
082 ## - DEWEY DECIMAL CLASSIFICATION NUMBER
Classification number 615.11
100 ## - MAIN ENTRY--AUTHOR NAME
Personal name MHRA MUKHERJEE, DR. PULOK.K
110 ## - MAIN ENTRY--CORPORATE NAME
Corporate name or jurisdiction name as entry element BRITISH COMMISSION
245 ## - TITLE STATEMENT
Title BRITISH PHARMACOPOEIA
Statement of responsibility, etc BRITISH COMMISSION
260 ## - PUBLICATION, DISTRIBUTION, ETC. (IMPRINT)
Place of publication LONDON
Name of publisher THE STATIONERY OFFICE
Year of publication 2021
300 ## - PHYSICAL DESCRIPTION
Number of Pages IV-911
650 ## - SUBJECT ADDED ENTRY--TOPICAL TERM
Topical Term PHARMACY
942 ## - ADDED ENTRY ELEMENTS (KOHA)
Koha item type Books

No items available.